Úloha vědeckotechnického rozvoje v národním hospodářství

Saved in:
Bibliographic Details
Main Author: Nemynář, Blahomil
Format: Book
Language:Czech
Published: Praha Ústav pro ekonomiku a řízení vědeckotechnického rozvoje 1981
Tags: Add Tag
No Tags, Be the first to tag this record!

MARC

LEADER 00000nam a2200000 4500
001 c138239
005 20041019155312.4
041 0 |a cze 
044 |a CZ 
245 1 0 |a Úloha vědeckotechnického rozvoje v národním hospodářství  |c Blahomil Nemynář 
264 1 |a Praha  |b Ústav pro ekonomiku a řízení vědeckotechnického rozvoje  |c 1981 
300 |a 167 s.  |e 1 tab. 
100 1 |a Nemynář, Blahomil